01100nab a22002297a 4500003000400000005001700004008004100021040000700062100002700069245010400096260007200200300001300272500003800285505020600323505008900529650002000618650002400638650002500662650001900687650003100706773013300737OSt20260114131137.0190605e xxu||||| |||| 00| 0 spa d cPJ aMoscuzza, Stella Maris10aDistintas causas de extinción del contrato de ajuste de la gente de mar /cStella Maris Moscuzza  aCiudad Autónoma de Buenos Aires :bThomson Reuters La Ley,c2024. ap. 50-73 aCita: TR LALEY AR/DOC/892/2024.  aSumario: I. Introducción.— II. Las normas que regulan el trabajo de la gente de mar.— III. La extinción del contrato de ajuste.— IV. Reflexiones finales.— V. Bibliografía complementaria.  t¿Te interesa el texto completo? Solicitalo al correo: koha@justierradelfuego.gov.ar 0aDERECHO LABORAL 0aCONTRATO DE TRABAJO 0aRELACIONES LABORALES 0aFRAUDE LABORAL 0aOBLIGACIONES DEL EMPLEADOR0 02711dCiudad Autónoma de Buenos Aires : Thomson Reuters La Ley, 1999-2002.tRevista de derecho del trabajo. Nº 4 - Julio 2024